| 000 | 00353cam a22001217a 4500 | ||
|---|---|---|---|
| 008 | 180718b1960 xxu||||| |||| 00| 0 eng d | ||
| 082 | _aA72x6762 H982 | ||
| 100 | _aHuxley, Elspeth | ||
| 245 |
_aNew earth: an experiment in colonialism _cby Elspeth Huxley |
||
| 260 |
_aLondon _bChatto & Windus _c1960 |
||
| 300 | _a288p | ||
| 650 | _aKenya -Rural conditions | ||
| 999 |
_c413947 _d413947 |
||